Fútbol - Selecciones que NO le ganaron un partido a San Marino - Estadísticas

Estadísticas generales
  • Esta prueba ha sido intentada 85 veces
    54 desde el último reinicio
  • La puntuación promedio es 8 de 13
Estadísticas de respuestas
Confederación Fecha Competencia Resultado Equipo % Correcto
UEFA 20/08/03 Amistoso 2-2 Liechtenstein
92%
UEFA 28/04/04 Amistoso 1-0 Liechtenstein
92%
UEFA 13/10/20 Nations League 0-0 Liechtenstein
92%
UEFA 05/09/24 Nations League 1-0 Liechtenstein
92%
UEFA 18/11/24 Nations League 3-1 Liechtenstein
92%
UEFA 14/11/20 Nations League 0-0 Gibraltar
75%
UEFA 15/11/24 Nations League 1-1 Gibraltar
75%
UEFA 25/04/01 Eliminatorias Mundial 1-1 Letonia
53%
UEFA 15/11/14 Eliminatorias Euro 0-0 Estonia
45%
CONCACAF 24/03/24 Amistoso 0-0 San Cristóbal y Nieves
29%
CAF 21/07/22 Amistoso 0-0 Seychelles
29%
CONCACAF 17/11/22 Amistoso 1-1 Santa Lucía
27%
UEFA 10/03/93 Eliminatorias Mundial 0-0 Turquía
27%
No se encontraron pruebas coincidentes
Distribución de puntuación
Porcentaje de gente con cada puntuación
Porcentaje por número respondido
Historial de tus puntuaciones
No has intentado esta prueba desde el último reinicio